[Event "Sao Paulo op-C U1700 6th"]
[Site "Sao Paulo"]
[Date "2017.04.16"]
[Round "5"]
[White "Simi, Luiz Guilherme Silv"]
[Black "Kajiwara, Joao Kazuyuki"]
[Result "1-0"]
[WhiteElo "1639"]
[BlackElo "1284"]
[PlyCount "44"]
[EventDate "2017.04.14"]
[EventType "swiss"]
[EventRounds "6"]
[EventCountry "BRA"]
[SourceTitle "EXT 2019"]
[Source "ChessBase"]
[SourceDate "2018.10.10"]
[SourceVersion "1"]
[SourceVersionDate "2018.10.10"]
[SourceQuality "1"]

1. d4 Nf6 2. c4 c5 3. d5 d6 4. Nc3 e5 5. e4 Be7 6. Be2 0-0 7. Nf3 a6 8. Bd2 Ne8 9. Qc2 f5 10. h3 fxe4 11. Nxe4 g6 12. Be3 Nd7 13. Bd3 Ndf6 14. Neg5 Ng7 15. g4 b5 16. b3 Nd7 17. Bxg6 hxg6 18. Qxg6 Nf6 19. Nd2 Qe8 20. Qh6 Rf7 21. Nde4 Kf8 22. Qh8+ Ng8 1-0

[Event "Paulista-ch"]
[Site "Sao Paulo"]
[Date "2016.11.??"]
[Round "6"]
[White "Ferreira, Caio Tulio Moreira"]
[Black "Simi, Luiz Guilherme Silv"]
[Result "1/2-1/2"]
[WhiteElo "1407"]
[BlackElo "1655"]
[PlyCount "141"]
[EventDate "2016.11.09"]
[EventType "swiss"]
[EventRounds "6"]
[EventCountry "BRA"]
[SourceTitle "EXT 2022"]
[Source "ChessBase"]
[SourceDate "2021.10.06"]
[SourceVersion "1"]
[SourceVersionDate "2021.10.06"]
[SourceQuality "1"]

1. e4 e5 2. Nf3 Nc6 3. d4 exd4 4. Bc4 Na5 5. Qxd4 Nxc4 6. Qxc4 Bd6 7. Nc3 Qe7 8. 0-0 c6 9. Re1 Be5 10. Nxe5 Qxe5 11. Re3 d6 12. f4 Qe6 13. Qd3 Ne7 14. Rg3 Rg8 15. f5 Nxf5 16. exf5 Qe1+ 17. Qf1 Qxf1+ 18. Kxf1 Bxf5 19. Bf4 d5 20. Re1+ Kd7 21. Rge3 Rae8 22. Na4 b6 23. c3 Rxe3 24. Rxe3 Bb1 25. a3 Bc2 26. b3 Bxb3 27. Nb2 Re8 28. Rxe8 Kxe8 29. Bb8 a6 30. Ba7 b5 31. Bd4 g6 32. Nd3 Bc4 33. Ke2 Kd7 34. Ke3 Bxd3 35. Kxd3 Kd6 36. Bb6 c5 37. Ba5 Kc6 38. g3 Kd6 39. Ke3 Ke6 40. Kf4 f5 41. h3 h6 42. g4 d4 43. gxf5+ gxf5 44. cxd4 cxd4 45. h4 Kf6 46. Bb6 d3 47. Ke3 f4+ 48. Kxd3 Kf5 49. Bf2 a5 50. Kd4 b4 51. axb4 axb4 52. Kc4 Kg4 53. Kxb4 Kf3 54. Bc5 Kg2 55. Kc3 h5 56. Kd2 Kf1 57. Be3 f3 58. Bd4 f2 59. Bxf2 Kxf2 60. Kd3 Kf3 61. Kd2 Kg3 62. Ke2 Kxh4 63. Kf2 Kh3 64. Kg1 Kg3 65. Kh1 h4 66. Kg1 h3 67. Kh1 Kh4 68. Kh2 Kg4 69. Kh1 Kg3 70. Kg1 h2+ 71. Kh1 1/2-1/2